ਉਰਦੂ ਮੁਸ਼ਾਇਰੇ / (Record no. 88608)

MARC details
000 -LEADER
fixed length control field 01156nam a22002657a 4500
005 - DATE AND TIME OF LATEST TRANSACTION
control field 20180210111523.0
008 - FIXED-LENGTH DATA ELEMENTS--GENERAL INFORMATION
fixed length control field 131126b xxu||||| |||| 00| 0 pun d
010 ## - LCCN (DPL NO)
LC control number PUN- B-577659--662 B-669924
020 ## - INTERNATIONAL STANDARD BOOK NUMBER
Terms of availability 200.00
International Standard Book Number 9789382245506
035 ## - SYSTEM CONTROL NUMBER
System control number PN- B-577659-662
035 ## - SYSTEM CONTROL NUMBER
System control number B-669924
037 ## - SOURCE OF ACQUISITION
Source of stock number/acquisition DBAD / PUB
037 ## - SOURCE OF ACQUISITION
Source of stock number/acquisition Lokgeet prakashan
040 ## - CATALOGING SOURCE
Original cataloging agency dpl
Language of cataloging pn
082 ## - DEWEY DECIMAL CLASSIFICATION NUMBER
Classification number 851
100 ## - MAIN ENTRY--PERSONAL NAME
Personal name ਜੈਨ,ਸਤੀਸ਼
245 ## - TITLE STATEMENT
Title ਉਰਦੂ ਮੁਸ਼ਾਇਰੇ /
Statement of responsibility, etc ਸਤੀਸ਼ ਜੈਨ
246 ## - VARYING FORM OF TITLE
Title proper/short title Urdu mushayere
Remainder of title by Satish Jain
260 ## - PUBLICATION, DISTRIBUTION, ETC. (IMPRINT)
Place of publication, distribution, etc Chandigarh
Name of publisher, distributor, etc Science and General Publishers
Date of publication, distribution, etc 2013
270 ## - ADDRESS
City Chandigarh
Address sco.26-27,sector-34 A,
Telephone number 0172-5077427
Postal code 160022
300 4# - PHYSICAL DESCRIPTION
Extent 160p.
Dimensions 22ਸੇਂਮੀ (ਸਜਿਲੱਦ)
942 ## - ADDED ENTRY ELEMENTS (KOHA)
Source of classification or shelving scheme Dewey Decimal Classification
Item type Punjabi Bks
Classification part 851
Call number suffix ਜੈਨਸ
Holdings
Withdrawn status Lost status Source of classification or shelving scheme Damaged status Not for loan Collection code Home library Current library Date acquired Source of acquisition Cost, normal purchase price Total Checkouts Full call number Date last seen Copy number Cost, replacement price Koha item type Barcode
    Dewey Decimal Classification     Non-fiction Ashok Vihar Ashok Vihar 31/01/2018 BPPD/PUN/2016-17/932/7-3-2017 200.00   851 ਜੈਨਸ 31/01/2018 1 200.00 Punjabi Bks B-669924
    Dewey Decimal Classification     Non-fiction Central Library Central Library 20/06/2015 BPPD/ PUN/15/166/ 27-8-14/BL 100/12-9-14/8-10-2014 200.00   851 ਜੈਨਸ 20/06/2015 1 200.00 Punjabi Bks B-577659
    Dewey Decimal Classification     Non-fiction D.B.Act.Division D.B.Act.Division 12/09/2014 DBAD 200.00   851 ਜੈਨਸ 12/09/2014 1 200.00 Punjabi Bks  
    Dewey Decimal Classification     Non-fiction Sarojini Nagar Sarojini Nagar 20/06/2015 BPPD/ PUN/15/166/ 27-8-14/BL 100/12-9-14/8-10-2014 200.00   851 ਜੈਨਸ 20/06/2015 1 200.00 Punjabi Bks B-577660
    Dewey Decimal Classification     Non-fiction Shahdara Branch Shahdara Branch 20/06/2015 BPPD/ PUN/15/166/ 27-8-14/BL 100/12-9-14/8-10-2014 200.00   851 ਜੈਨਸ 20/06/2015 1 200.00 Punjabi Bks B-577662
    Dewey Decimal Classification     Non-fiction Vinoba Puri Vinoba Puri 20/06/2015 BPPD/ PUN/15/166/ 27-8-14/BL 100/12-9-14/8-10-2014 200.00   851 ਜੈਨਸ 20/06/2015 1 200.00 Punjabi Bks B-577661

© Delhi Public Library
Hit Counter
free hit counter